00490 a2200169 450000100060000002000060000604000240001210000260003624000450006224500400010730000080014736200060015565000310016194200070019295201040019999900170030346552 a  cAnchieta - Aquarius aGouveia, Luis Augusto10aO drama do monstro do dever de casalpor10aO drama do monstro do dever de casa a1110 a0 4aLiteratura infanto-juvenil cBK 00104070a87.1b87.1d2023-11-21l0o028.5 GOU DRAp4476/AQUr2023-11-21 15:13:07w2023-11-21yBK c46552d46552